Urban economics

Bibliographic Details
Main Author: Button, K. J.
Format: Book
Published: London : The McMillian Press , c1976
Subjects:

MARC

LEADER 00000cam a2200000 7i4500
001 0000008920
005 20150729.0
020 |a 033185951 
040 |a INS 
090 0 0 |a HT321   |b B87 1976 
100 1 |a Button, K. J. 
245 1 0 |a Urban economics   |c by K.J. Button 
260 |a London :   |b The McMillian Press ,   |c c1976 
300 |a 218p. ;   |c 21 cm. 
500 |a Includes index 
650 0 0 |a Urban economics 
999 |a 0000022327   |b BOOK   |c Open Shelf   |e Default branch